| 000 | 00823nam a22002177a 4500 | ||
|---|---|---|---|
| 005 | 20100804142759.0 | ||
| 010 | _aENG-98174 | ||
| 020 |
_a9788120341197 _c350.00 |
||
| 035 | _aEN-81707 | ||
| 037 | _bDBAD/PUB | ||
| 082 | _a005.43769 | ||
| 245 |
_aWindows 7: the best of the official magazine : _ba real-life guide to getting more done / |
||
| 260 |
_aNew Delhi _bPHI Learning _c2010 |
||
| 270 |
_aM-97, Connaught Circus _bNew Delhi _e110001 |
||
| 300 |
_aix,213p. _bill. _c26cm (pbk) |
||
| 500 | _aIncludes index | ||
| 650 |
_aMicrodoft windows (computer file) _98362 |
||
| 650 |
_aOperating systems (computer) _98363 |
||
| 942 |
_2ddc _cEN _h005.43769 _mWIN |
||
| 999 |
_c39257 _d39257 |
||